| 000 | 00469nam a2200169 a 4500 | ||
|---|---|---|---|
| 005 | 20210223122632.0 | ||
| 008 | 991125s1982 mx 000 0 spa u | ||
| 035 | _aUPN01000039142 | ||
| 049 | _aC | ||
| 050 | 4 |
_aHB3531 _bM43 1981 |
|
| 245 | 0 | 0 |
_aMéxico demográfico : _bbreviario 1980-81. |
| 260 |
_aMéxico : _bCONAPO, _c1982. |
||
| 300 |
_a110 p. : _bil. col. |
||
| 650 | 4 |
_aPOBLACION - _vESTADISTICA _91183 |
|
| 651 | 4 |
_aMEXICO - _vESTADISTICA _913205 |
|
| 905 | _aLibro | ||
| 999 |
_c39142 _d39142 |
||